00374nam a2200145Ia 4500008004100000020001500041041001200056082001100068100001100079245006200090260003800152300000800190650001600198700001400214221030s9999 xx 000 0 und d a9380931913 aEnglish a105.23 aJ. Han 0aData Mining : Concepts & Techniquescby J. Han, M. Kamber bMorgan Kauf Pub.aNew Delhic2012 a703 aBE Computer aM. Kamber